000 01282nam a2200229 a 4500
001 000962970
003 AM-YeHGA
005 20250617150017.0
008 130516s1889 ||| r 000 0 rus d
040 _aAM-YeHGA
041 0 _arus
100 1 _aТатищев, Сергей Спиридонович
245 1 0 _aИмператор Николай и иностранные дворы :
_bИсторические очерки /
_cС.С. Татищева.
260 _aСанкт-Петербург
_fТип. И. Н. Скороходова
_c1889.
300 _a483 с.
505 0 _aПредисловие. - Поездка императора Николая в Англию. - Император Николай и австрийский двор. - Император Николай и июльская монархия во Франции. - Император Николай и прусский двор. - Император Николай и прусская армия. - Приложение: Император Вильгельм I о России.
600 0 4 _aНиколай
_bI
_cимп.
_d1796-1855
651 4 _aРоссия
653 0 _aИстория - Россия
653 0 _aДипломатия - Россия - История
090 _c324419
999 _c322676
_d322676